000 00471nam a2200157 4500
999 _c5342
_d5342
008 161020b xxu||||| |||| 00| 0 eng d
022 _a9770118389007
082 _aDPer 641.05 F73 Mar-Nov 2012
100 _941229
_aAran, Alu Aluzan.
245 _aHave a sexy morning/
_cAlu Aluzan Aran.
260 _aQuezon City:
_bABS CBN Publishing, Inc.,
_c©2012.
300 _apages 38-40;
_c30 cm.
500 _aFood.
650 0 _916545
_aBreakfasts
942 _2ddc
_cPER